| 000 | 00653nam a2200229 4500 | ||
|---|---|---|---|
| 001 | 107689 | ||
| 003 | ES-MaACL | ||
| 005 | 20230906184454.0 | ||
| 007 | t| | ||
| 008 | 061121s1959 sp r ||||1| spa d | ||
| 080 | _a159.963.3 | ||
| 100 | 1 |
_aMoreno, J. J. _983285 |
|
| 245 | 1 | 3 |
_aEl libro de los sueños / _cJ.J. Moreno. |
| 260 |
_aBarcelona [etc.] : _bDaimon, _c1959. |
||
| 300 |
_a234 p. 8 lám. ; _c18. |
||
| 490 | 1 |
_aPequeña Biblioteca Daimon ; _v16 |
|
| 650 | 0 | 4 |
_aSueños. _917252 |
| 830 | 0 |
_aPequeña Biblioteca Daimon ; _v16 _9186655 |
|
| 852 |
_aES-MaACL _jC-17326 _bR.45426 |
||
| 852 |
_aES-MaACL _jC-29506 |
||
| 999 |
_c107689 _d107689 |
||